000 01704cam a2200181 4500500
005 20251228094948.0
041 _afre
042 _adc
100 1 0 _aSesé, Bernard
_eauthor
245 0 0 _aBestiaire mystique
260 _c2013.
500 _a100
520 _aDes instincts aux extrêmes élévations de l’esprit, la symbolique des animaux signifie tous ces registres. Le voyage intérieur de l’esprit, dans sa tension et sa rencontre avec l’objet de son désir, l’expérience mystique proprement dite, peuvent y trouver leur alphabet. Les écrits des mystiques de tous les temps ou de toutes les religions en témoignent. Cet article en présente quelques brefs témoignages.
520 _aThe symbolism of animals conveys meanings on all levels, from instincts to extreme spiritual elevations. The inner journey of the spirit, in its tension and its meeting with the object of desire – the mystical experience as such – can find its alphabet in this symbolism, as the writings of mystics from all eras and all religions can testify. This article presents a few such brief testimonies.
520 _aDos instintos às sublimes elevações do espírito, o simbolismo animal abrange diversos registos. Neste sentido, tanto a viagem interior do espírito, na sua permanente tensão e encontro com o objecto do seu desejo, como a experiência mística propriamente dita, descobrem nele o seu alfabeto. É o que revelam os escritos de místicos de todas as épocas de que este artigo pretende dar um breve testemunho.
786 0 _nSigila | 32 | 2 | 2013-10-01 | p. 169-180 | 1286-1715
856 4 1 _uhttps://shs.cairn.info/revue-sigila-2013-2-page-169?lang=fr&redirect-ssocas=7080
999 _c1605236
_d1605236